| 000 | 00346nam a2200121Ia 4500 | ||
|---|---|---|---|
| 008 | 220214s9999 xx 000 0 und d | ||
| 022 | _a0306-4484 | ||
| 245 | 0 | _aCurrent Advances In Plant Science | |
| 260 |
_bPergamon, Headington, Oxford _aUK |
||
| 500 | _aEnding Volume & Year: 23, 1991 | ||
| 500 | _aStarting Volume & Year: 12, 1980 | ||
| 942 | _cBJ | ||
| 999 |
_c9367 _d9367 |
||